Fundamentals of molecular spectroscopy / (Record no. 6717)

MARC details
000 -LEADER
fixed length control field 00940pam a2200265 a 4500
001 - CONTROL NUMBER
control field 2066985
003 - CONTROL NUMBER IDENTIFIER
control field OSt
005 - DATE AND TIME OF LATEST TRANSACTION
control field 20200309122031.0
008 - FIXED-LENGTH DATA ELEMENTS--GENERAL INFORMATION
fixed length control field 940114s1994 enka b 001 0 eng
010 ## - LIBRARY OF CONGRESS CONTROL NUMBER
LC control number 94000869
020 ## - INTERNATIONAL STANDARD BOOK NUMBER
International Standard Book Number 0077079760 :
Terms of availability £14.95
040 ## - CATALOGING SOURCE
Original cataloging agency DLC
Transcribing agency DLC
Modifying agency DLC
082 00 - DEWEY DECIMAL CLASSIFICATION NUMBER
Classification number 543.
Edition number 20
Item number BAN 1994
100 1# - MAIN ENTRY--PERSONAL NAME
Personal name Banwell, C. N.
9 (RLIN) 13794
245 10 - TITLE STATEMENT
Title Fundamentals of molecular spectroscopy /
Statement of responsibility, etc. Colin N. Banwell, Elaine M. McCash.
250 ## - EDITION STATEMENT
Edition statement 4th ed.
260 ## - PUBLICATION, DISTRIBUTION, ETC. (IMPRINT)
Place of publication, distribution, etc. London ;
-- New York :
Name of publisher, distributor, etc. McGraw-Hill,
Date of publication, distribution, etc. 1994.
300 ## - PHYSICAL DESCRIPTION
Extent xii, 308 p. :
Other physical details ill. ;
Dimensions 25 cm.
504 ## - BIBLIOGRAPHY, ETC. NOTE
Bibliography, etc Includes bibliographical references (p. [292]) and index.
650 #0 - SUBJECT ADDED ENTRY--TOPICAL TERM
Topical term or geographic name as entry element Molecular spectroscopy.
9 (RLIN) 4498
700 1# - ADDED ENTRY--PERSONAL NAME
Personal name McCash, Elaine M.,
Dates associated with a name 1961-
9 (RLIN) 13795
906 ## - LOCAL DATA ELEMENT F, LDF (RLIN)
a 7
b cbc
c orignew
d 1
e ocip
f 19
g y-gencatlg
942 ## - ADDED ENTRY ELEMENTS (KOHA)
Source of classification or shelving scheme Dewey Decimal Classification
Koha item type Open Shelf
Holdings
Withdrawn status Lost status Source of classification or shelving scheme Damaged status Not for loan Home library Current library Date acquired Source of acquisition Inventory number Total Checkouts Full call number Barcode Date last seen Price effective from Koha item type
    Dewey Decimal Classification     MUST Main Library MUST Main Library 09/03/2020 Purchase 2000/14558   543. BAN 1994 2020-0657 09/03/2020 09/03/2020 Open Shelf
    Dewey Decimal Classification     MUST Main Library MUST Main Library 24/06/2024 Purchase 2000/14559   543. BAN 1994 2024-21076 24/06/2024 24/06/2024 Open Shelf